01133nam a2200241Ia 4500001000600000003000900006008004100015040001300056040001300069041001300082100001100095100002900106245005900135245005800194250001100252260000900263260002100272260004900293300004300342500044100385650003400826650003100860 3643IT-RoPAU130308s9999 xx 000 0 und d aIT-RoPAU cIT-RoPAU aITALIANO aAA.VV. gCodice Aut. SPICS: 12000 aCostituzioni e direttorio della Pia Società S. Paolo bCostituzioni e Direttorio della Pia Societa' S. Paolo a1a ed. aROMA bEdizioni Paoline c1975 [1° Ed.:1975 - Ed.Ling.Originale:1975] a"152 p. (prefazione: no ; testo: 152)" aTesto Approvato dal Capitolo Generale Ordinario del 1975 nostra Identità nella Chiesa di Cristo Formazione Paolina Vita Apostolica Paolina carisma della fondazione Destinatari e contenuti collaborazione Pastorale delle Vocazioni tappe della Formazione professione Religiosa Vita Consacrata e Vita di Preghiera Governo della Congregazione Comunità locale regionale Provinciale e Generale Amministrazione dei beni Autorità Religiosa aAUTORI/OPERE FAMIGLIA PAOLINA eCodice materia Spics: 9903